10 najpopularniejszych osób na całym świecie w 2022 roku - Statystyki

Ogólne statystyki
  • Ten quiz został rozwiązany 1 280 razy
  • Średni wynik to 4 z 10
Statystyki odpowiedzi
miejsce osoba % Poprawnych
5 Cristiano Ronaldo
69%
1 Donald Trump
67%
8 Lionel Messi
64%
2 Władimir Putin
60%
7 Joe Biden
34%
3 Kylie Jenner
30%
4 Elżbieta Bowes-Lyon/królowa Elżbieta 2
29%
6 Ariana Grande
16%
9 Selena Gomez
10%
10 Billie Eilish
4%
Nie znaleziono quizów pasujących do podanych kryteriów
Rozkład punktacji
Procent ludzi z każdym wynikiem
Percentyl według liczby udzielonych odpowiedzi
Twoja historia wyników
Nie rozwiązałeś tego quizu